ՄԱՅՐ ԱԹՈՌ ՍՈՒՐԲ ԷՋՄԻԱԾԻՆ

«ՎԱՉԵ ԵՎ ԹԱՄԱՐ ՄԱՆՈՒԿՅԱՆ» ՄԱՏԵՆԱԴԱՐԱՆ

Ինձ բահ տվեք… (Գևորգ Չաուշ): / (Record no. 46559)

MARC details
000 -LEADER
fixed length control field 00795nam a2200217Ia 4500
003 - CONTROL NUMBER IDENTIFIER
control field SEM
005 - DATE AND TIME OF LATEST TRANSACTION
control field 20220608071338.0
008 - FIXED-LENGTH DATA ELEMENTS--GENERAL INFORMATION
fixed length control field 141116s9999 xx 000 0 arm d
020 ## - INTERNATIONAL STANDARD BOOK NUMBER
International Standard Book Number 5807702328
040 ## - CATALOGING SOURCE
Original cataloging agency SEM
Transcribing agency SEM
041 ## - LANGUAGE CODE
Language code of text/sound track or separate title arm.
080 ## - UNIVERSAL DECIMAL CLASSIFICATION NUMBER
Universal Decimal Classification number 891.981-3/Պ-79
100 10 - MAIN ENTRY--PERSONAL NAME
Personal name Պողոսյան Ստեփան Կարապետի; Պողոսյան Կարո Ստեփանի
245 10 - TITLE STATEMENT
Title Ինձ բահ տվեք… (Գևորգ Չաուշ): /
Statement of responsibility, etc. Ս. Պողոսյան; Կ. Պողոսյան; Խմբ.` Վ. Իսրայելյան
260 ## - PUBLICATION, DISTRIBUTION, ETC.
Place of publication, distribution, etc. Երևան:
Name of publisher, distributor, etc. «Արևիկ»,
Date of publication, distribution, etc. 1990.
300 ## - PHYSICAL DESCRIPTION
Extent 447 էջ;
Dimensions 23 սմ
Accompanying material քարտեզ;
600 ## - SUBJECT ADDED ENTRY--PERSONAL NAME
Personal name Չաուշ Գևորգ
650 ## - SUBJECT ADDED ENTRY--TOPICAL TERM
Topical term or geographic name entry element Հայ գրականություն
General subdivision արձակ
700 ## - ADDED ENTRY--PERSONAL NAME
Personal name Իսրայելյան Վ.
Relationship edt.
Relator term խմբ.
942 ## - ADDED ENTRY ELEMENTS (KOHA)
Source of classification or shelving scheme Universal Decimal Classification
Koha item type Գրքեր/Books
Holdings
Withdrawn status Lost status Source of classification or shelving scheme Damaged status Not for loan Collection code Home library Current library Date acquired Cost, normal purchase price Inventory number Total Checkouts Full call number Barcode Date last seen Price effective from Koha item type Public note
    Universal Decimal Classification     Գրապահոց Մայր Աթոռ Սուրբ Էջմիածին «Վաչե և Թամար Մանուկյան» Մատենադարան Մայր Աթոռ Սուրբ Էջմիածին «Վաչե և Թամար Մանուկյան» Մատենադարան 16/11/2014 1200.00 6908   891.981-3/Պ-79 6908 16/11/2014 16/11/2014 Գրքեր/Books Սպասարկվում է 30 օր
    Universal Decimal Classification     Գրապահոց Մայր Աթոռ Սուրբ Էջմիածին «Վաչե և Թամար Մանուկյան» Մատենադարան Մայր Աթոռ Սուրբ Էջմիածին «Վաչե և Թամար Մանուկյան» Մատենադարան 01/04/2019 1200.00 30038   891.981-3/Պ-79 30038 01/04/2019 01/04/2019 Գրքեր/Books Սպասարկվում է 30 օր
    Universal Decimal Classification     Գրապահոց Մայր Աթոռ Սուրբ Էջմիածին «Վաչե և Թամար Մանուկյան» Մատենադարան Մայր Աթոռ Սուրբ Էջմիածին «Վաչե և Թամար Մանուկյան» Մատենադարան 01/04/2019 1200.00 24372   891.981-3/Պ-79 24372 14/10/2019 01/04/2019 Գրքեր/Books Սպասարկվում է ընթերցասրահ